Paradigms and sand castles theory building and research design in comparative politics (Registro nro. 40245)

Detalles MARC
000 -ENCABEZADO
Número de control [NR] 01332nam a2200241Ia 4500
008 - DE LONGITUD FIJA DE DATOS DE ELEMENTOS - INFORMACIÓN GENERAL
Elementos de longitud fija [NR] 130821s2003 xxu gr eng
020 ## - NUMERO INTERNACIONAL NORMALIZADO PARA LIBROS [R]
Número Internacional Normalizado del libro [NR] 9780472098354
020 ## - NUMERO INTERNACIONAL NORMALIZADO PARA LIBROS [R]
Número Internacional Normalizado del libro [NR] 9780472098357
040 ## - FUENTE DE CATALOGACION [NR]
Agencia de catalogación original [NR] Co-BoUCM
Idioma de catalogación [NR] spa
041 00 - CODIGO DE IDIOMA [R]
Código de idioma para texto/pista de sonido o título separado [R] Inglés
100 1# - ASIENTO PRINCIPAL--NOMBRE PERSONAL [NR]
Nombre personal [NR] Geddes, Barbara
245 10 - MENCION DE TITULO [NR]
Título [NR] Paradigms and sand castles theory building and research design in comparative politics
Mención de responsabilidad, etc. [NR] Barbara Geddes
260 ## - PUBLICACION, DISTRIBUCION, ETC. (PIE DE IMPRENTA) [R]
Lugar de publicación, distribución, etc. [R] Ann Arbor (Míchigan, Estados Unidos)
Nombre del editor, distribuidor, etc. [R] University of Michigan Press
Fecha de publicación, distribución, etc. [R] 2003
300 ## - DESCRIPCION FISICA [R]
Extensión [R] x, 314 páginas
490 0# - MENCION DE SERIE [R]
Mención de serie [R] Analytical perspectives on politics
504 ## - NOTA DE BIBLIOGRAFIA, ETC. [R]
Nota de bibliografía, etc. [NR]
505 0# - NOTA DE CONTENIDO CON FORMATO PREESTABLECIDO [R]
Nota de contenido con formato preestablecido [NR] Research design and the accumulation of knowledge. -- Big questions, little answers : how the questions you choose affect the answers you get. -- How the cases you choose affect the answers you get : selection bias and related issues. -- How the evidence you use affects the answers you get : rigorous use of the evidence contained in case studies. -- How the approach you choose affects the answers you get : the uses and limitations of rational choice comparative politics.
650 04 - ASIENTO SECUNDARIO DE MATERIA - TERMINO TEMATICO [R]
Término temático o nombre geográfico como elemento de entrada [NR] Ciencia política
9 (RLIN) 340
650 04 - ASIENTO SECUNDARIO DE MATERIA - TERMINO TEMATICO [R]
Término temático o nombre geográfico como elemento de entrada [NR] Ciencia política
Subdivisión general [R] Investigaciones
9 (RLIN) 340
650 04 - ASIENTO SECUNDARIO DE MATERIA - TERMINO TEMATICO [R]
Término temático o nombre geográfico como elemento de entrada [NR] Gobierno comparado
9 (RLIN) 16473
942 ## - ELEMENTOS DE ENTRADA AGREGADOS (KOHA)
Tipo de ítem principal el descrito en 300a Libro
Tema principal Ciencia política
Edición 1
Parte restante de la signatura top. G295p
Sistema de clasificación DEWEY
Clasificación 320.3
Existencias
Fecha de último préstamo Total préstamos Total Renewals Signatura topográfica Código de barras Última vez visto Ejemplar Price effective from Tipo de ítem Perdido Sistema de clasificación Dañado No prestable Tipo de ítem específico Suprimido Ubicación habitual Ubicación actual Localización Fecha de creación Forma de adquisición Costo
13/02/2020 44 3 320.3 G295p 100128803 09/06/2026 Ej.1 03/02/2013 Libro de reserva   DEWEY     Libro de reserva   Claustro Claustro 3er piso 28/02/2013 Compra 36600.00